Click Quiz - Odd or Even? - Statistics

General Stats
  • This quiz has been taken 229 times
  • The average score is 76 of 100
Answer Stats
Hint Answer % Correct
18 Even
90%
27 Odd
88%
26 Even
87%
22 Even
87%
44 Even
87%
49 Odd
87%
40 Even
85%
28 Even
85%
82 Even
85%
6 Even
85%
88 Even
83%
62 Even
83%
72 Even
83%
30 Even
83%
8 Even
83%
78 Even
83%
70 Even
83%
79 Odd
83%
11 Odd
83%
89 Odd
83%
84 Even
81%
50 Even
81%
64 Even
81%
48 Even
81%
38 Even
81%
91 Odd
81%
55 Odd
81%
21 Odd
81%
51 Odd
81%
63 Odd
81%
19 Odd
81%
34 Even
79%
58 Even
79%
32 Even
79%
43 Odd
79%
53 Odd
79%
61 Odd
79%
60 Even
77%
66 Even
77%
56 Even
77%
4 Even
77%
74 Even
77%
10 Even
77%
86 Even
77%
12 Even
77%
96 Even
77%
73 Odd
77%
25 Odd
77%
45 Odd
77%
47 Odd
77%
3 Odd
77%
57 Odd
77%
87 Odd
77%
68 Even
75%
14 Even
75%
93 Odd
75%
77 Odd
75%
37 Odd
75%
95 Odd
75%
52 Even
73%
20 Even
73%
36 Even
73%
42 Even
73%
92 Even
73%
67 Odd
73%
41 Odd
73%
39 Odd
73%
9 Odd
73%
13 Odd
73%
98 Even
71%
80 Even
71%
76 Even
71%
90 Even
71%
2 Even
71%
71 Odd
71%
15 Odd
71%
59 Odd
71%
5 Odd
71%
17 Odd
71%
7 Odd
71%
65 Odd
71%
75 Odd
71%
16 Even
69%
100 Even
69%
1 Odd
69%
23 Odd
69%
85 Odd
69%
33 Odd
69%
69 Odd
69%
83 Odd
69%
31 Odd
67%
29 Odd
67%
24 Even
65%
94 Even
65%
54 Even
65%
46 Even
63%
35 Odd
63%
97 Odd
63%
81 Odd
62%
99 Odd
60%
No matching quizzes found
Score Distribution
Percent of People with Each Score
Percentile by Number Answered
Your Score History
You have not taken this quiz